Developing experiential learning programs for professional education / (Record no. 51416)
[ view plain ]
| 000 -LEADER | |
|---|---|
| fixed length control field | 00949nam a2200277 a 4500 |
| 001 - CONTROL NUMBER | |
| control field | 51416 |
| 003 - CONTROL NUMBER IDENTIFIER | |
| rucl marc code | BD-RjUL |
| 005 - DATE AND TIME OF LATEST TRANSACTION | |
| control field | 20211209075645.0 |
| 008 - FIXED-LENGTH DATA ELEMENTS--GENERAL INFORMATION | |
| fixed length control field | 160831s1980 enkk b 001 0 eng |
| 035 ## - SYSTEM CONTROL NUMBER | |
| System control number | (BD-RjUL)51536 |
| 040 ## - CATALOGING SOURCE | |
| Original cataloging agency | DLC |
| Transcribing agency | DLC |
| Modifying agency | DLC |
| -- | BD-RjUL |
| Language of cataloging | eng |
| 041 ## - LANGUAGE CODE | |
| Language code of text/sound track or separate title | eng |
| 082 00 - DEWEY DECIMAL CLASSIFICATION NUMBER | |
| Classification number | 378.013 |
| Edition number | 23 |
| Author mark and year | DEV 1980 |
| 245 10 - TITLE STATEMENT | |
| Title | Developing experiential learning programs for professional education / |
| Statement of responsibility, etc. | Eugene T. Byrne, Douglas E. Wolfe, guest editors. |
| 260 ## - PUBLICATION, DISTRIBUTION, ETC. (IMPRINT) | |
| Place of publication, distribution, etc. | London) : |
| Name of publisher, distributor, etc. | Jossey-Bass, |
| Date of publication, distribution, etc. | c1980. |
| 300 ## - PHYSICAL DESCRIPTION | |
| Pagination | xii, 108 p. : |
| Illustrations | ill. ; |
| Size | 24 cm. |
| 500 ## - GENERAL NOTE | |
| General note | Include index |
| 650 #0 - SUBJECT ADDED ENTRY--TOPICAL TERM | |
| Topical term or geographic name as entry element | Professional education. |
| 9 (RLIN) | 153804 |
| Topical term or geographic name as entry element | Experiential learning. |
| 9 (RLIN) | 153805 |
| 700 1# - ADDED ENTRY--PERSONAL NAME | |
| Personal name | Byrne, Eugene T. |
| Personal name | Wolfe, Douglas E. |
| 856 ## - ELECTRONIC LOCATION AND ACCESS | |
| Materials specified | New directions for experiential learning ; |
| 942 ## - ADDED ENTRY ELEMENTS (KOHA) | |
| Source of classification or shelving scheme | Dewey Decimal Classification |
| Koha item type | Books |
| Lost status | Source of classification or shelving scheme | Damaged status | Not for loan | Collection code | Permanent Location | Current Location | Shelving location | Date acquired | Total Checkouts | Full call number | Date last seen | Copy number | Koha item type |
|---|---|---|---|---|---|---|---|---|---|---|---|---|---|
| Dewey Decimal Classification | Non-fiction | Central Library, University of Rajshahi | Central Library, University of Rajshahi | 03/09/1985 | 378.013 DEV 1980 | 31/08/2016 | C-2 | Books |